Krushna Chandra Panigrahi: (Record no. 214000)

MARC details
000 -LEADER
fixed length control field 00602nam a22001937a 4500
005 - DATE AND TIME OF LATEST TRANSACTION
control field 20260102121710.0
010 ## - LCCN (DPL NO)
LC control number ENG-147398-399
020 ## - INTERNATIONAL STANDARD BOOK NUMBER
Terms of availability 100.00
International Standard Book Number 9789361838408
035 ## - SYSTEM CONTROL NUMBER
System control number EN-130930-931
037 ## - SOURCE OF ACQUISITION
Source of stock number/acquisition DBAD
082 ## - DEWEY DECIMAL CLASSIFICATION NUMBER
Classification number 921
Edition number 1
100 ## - MAIN ENTRY--PERSONAL NAME
Personal name Ramakanta Singh
245 ## - TITLE STATEMENT
Title Krushna Chandra Panigrahi:
Remainder of title A Monograph (Makers of Indian Literature)/
Statement of responsibility, etc Ramakanta Singh
250 ## - EDITION STATEMENT
Edition statement 1
260 ## - PUBLICATION, DISTRIBUTION, ETC. (IMPRINT)
Place of publication, distribution, etc New Delhi
Name of publisher, distributor, etc Sahitya Academi
Date of publication, distribution, etc 2025
270 ## - ADDRESS
City New Delhi
Address Rabindra Bhawan, 35, Fiiroz Shah Marg
Postal code 110001
300 ## - PHYSICAL DESCRIPTION
Extent 83p.
Dimensions 21cm(pb)
942 ## - ADDED ENTRY ELEMENTS (KOHA)
Source of classification or shelving scheme Dewey Decimal Classification
Item type English Books
Call number suffix RAM
Classification part 921
Holdings
Withdrawn status Lost status Not for loan Collection code Home library Current library Date acquired Source of acquisition Cost, normal purchase price Full call number Barcode Copy number Cost, replacement price Koha item type
      Non-fiction Bawana Bawana 02/01/2026 Delivery of Books Act Division 100.00 RAM 921 EN-130930 1 100.00 English Books
      Non-fiction D.B.Act.Division D.B.Act.Division 02/01/2026 Delivery of Books Act Division 100.00 RAM 921 EN-130931 2 100.00 English Books

© Delhi Public Library
Hit Counter
free hit counter